| 000 | 00527nam a2200181Ia 4500 | ||
|---|---|---|---|
| 008 | 240729s9999 xx 000 0 und d | ||
| 022 | _a2083-8492 | ||
| 245 | 0 | _aInternational Journal of Applied Mathematics and Computer Science | |
| 260 | _aPoland | ||
| 260 | _bSciendo | ||
| 650 | _a Electronic computers. Computer science | ||
| 650 | _a Instruments and machines | ||
| 650 | _a Mathematics | ||
| 650 | _aScience | ||
| 856 | _uhttps://doaj.org/toc/2836ef2e3a7f430e889c532b43f07af5 | ||
| 942 | _2ddc | ||
| 942 | _cDOAJEJ | ||
| 999 |
_c72189 _d72189 |
||
| 945 |
_a1 _bMadushi Gamage _c1 _dMadushi Gamage |
||